000 00797nam a22001937a 4500
003 BUBTL
008 230506b ||||| |||| 00| 0 eng d
082 _a891.441/ T129s/ 2016
100 _92429
_aঠাকুর, রবীন্দ্রনাথ
245 _aসোনার তরী /
_c রবীন্দ্রনাথ ঠাকুর
250 _a1st Edn
260 _aঢাকা:
_bবিশ্বসাহিত্য ভবন,
_cc2016
300 _a123 p.:
_c22 cm.
505 _aসোনার তরী, রবীন্দ্রনাথ ঠাকুর, কবিতা, বাংলা সাহিত্য
650 0 _91687
_aবাংলা সাহিত্য
856 _k0
_l0
_yDownload
942 _2ddc
_cBK
999 _c7036
_d7036